• 首页
  • 本馆介绍
  • 公告通知
  • 最新文献
  • 馆藏检索
  • 电子资源
  • 读者导购
  • 参考咨询
  • 我的图书馆
  • 登录
  • 详细信息显示
  • 放入我的书架
  • 预约/预借图书
  • 作者相关作品
  • 分类相关作品
  • 丛书相关作品
  • 出版社相关作品

书目信息

  • 表格格式
  • 工作单格式
  • 卡片格式
题名:
科学幽灵
    
 
作者: 乔丹 著 ;彭英 , 苏峰 译
分册:  
出版信息: 长沙   湖南科学技术出版社  2006
页数: 192页
开本: 26cm
丛书名: BOX系列
单 册:
中图分类: B82-057
科图分类:
主题词: 科学技术--伦理学--通俗读物
电子资源:
ISBN: 7-5357-4767-1
000 00964oam2 2200289 450
001 1574141183
005 20151111114232.29
010    @a7-5357-4767-1@dCNY40.00
100    @a20070104d2006 em y0chiy50 ea
101 1  @achi@ceng
102    @aCN@b430000
105    @aa z 001yy
200 1  @a科学幽灵@9ke xue you ling@f迈克尔·乔丹(Michael Jordan)著@g彭英,苏峰译
210    @a长沙@c湖南科学技术出版社@d2006
215    @a192页@c图,照片@d26cm
225 2  @aBOX系列@v6
312    @a英文原名:Hush hush
330    @a本书通过对科学家、大型商业公司和各国政府机构的深入洞察,探究每一个问题的实质,披露了40个轰动世界的科学黑幕。
461  0 @12001 @aBOX系列
510 1  @aHush hush@zeng
606 0  @a科学技术@x伦理学@j通俗读物
690    @aB82-057@v5
701  0 @c( )@a乔丹@9qiao dan@c(Jordan, Michael)@4著
702  0 @a彭英@9peng ying@c(翻译)@4译
702  0 @a苏峰@9su feng@c(翻译)@4译
801  0 @aCN@bTSSF@c20150117
905    @aZUCC@dB82-057@eJY256
    
    科学幽灵/迈克尔·乔丹(Michael Jordan)著/彭英,苏峰译.-长沙:湖南科学技术出版社,2006
    192页:图,照片;26cm.-(BOX系列;6)
    
    
    ISBN 7-5357-4767-1:CNY40.00
    本书通过对科学家、大型商业公司和各国政府机构的深入洞察,探究每一个问题的实质,披露了40个轰动世界的科学黑幕。
●
相关链接 在E读中查询图书 在五车中查询图书 在当当中查询图书 在豆瓣中查询图书


正题名:科学幽灵     索取号:B82-057/JY256         预约/预借

序号 登录号 条形码 馆藏地/架位号 状态 备注
1 7853294   278532946   学院路分馆/ [索取号:B82-057/JY256] 在馆    
唐山师范学院图书馆 欢迎您!
大连网信软件有限公司© 版权所有